000 00559nam a2200205Ia 4500
003 GCL
008 140319s9999 xx 000 0 eng d
040 _aGCL /
_cGCL
082 0 4 _a581.2
_bS P
100 1 _aSINGH, R.S.
245 1 0 _aPLANT DISEASES, 6TH ED /
_cSINGH, R.S.
260 _a[S.N] :
_bOXFORD & IBH PUBLISHING CO.PVT. LTD. ،
_c1990
300 _a619 P
650 0 4 _aPLANT - DISEASES
650 0 4 _aFUNGAL DISEASES OF PLANTS
650 0 4 _aBACTERIAL DISEASE
650 0 4 _aPLANT - PROTECTION
650 0 4 _aPLANT - PATHOLOGY
942 _2ddc
_cBK
999 _c20541
_d20541